B:llä alkavia sanoja - Statistics

Yleistilastot
  • Tätä visaa on pelattu 36 kertaa
  • Keskiarvotulos 16 / 110
Vastaustilastot
Vastaus % Oikein
Baana
92%
Banaani
92%
Baari
42%
Biljardi
42%
Barbaari
38%
Boori
38%
Bakteeri
33%
Baletti
33%
Balalaikka
29%
Basilika
29%
Basso
29%
Bensiini
29%
Biologia
29%
Bussi
29%
Bambu
25%
Banjo
25%
Betoni
25%
Biisoni
25%
Biljoona
25%
Bingo
25%
Blogi
25%
Boikotti
25%
Bändi
21%
Barrikadi
21%
Baskeri
21%
Bataatti
21%
Bitti
21%
Boheemi
21%
Booli
21%
Broileri
21%
Bulevardi
21%
Balladi
17%
Banderolli
17%
Basaari
17%
Beige
17%
Bidee
17%
Bikinit
17%
Boa
17%
Bongata
17%
Bonus
17%
Bromi
17%
Bumerangi
17%
Balanssi
13%
Ballerina
13%
Balsami
13%
Barista
13%
Basaltti
13%
Bengali
13%
Biojäte
13%
Bisnes
13%
Blini
13%
Blondi
13%
Blues
13%
Boileri
13%
Bonsai
13%
Bordelli
13%
Borssi
13%
Brunssi
13%
Brutaali
13%
Budjetti
13%
Bunkkeri
13%
Banketti
8%
Barometri
8%
Beryllium
8%
Bibliografia
8%
Bimbo
8%
Binomi
8%
Biomi
8%
Bistro
8%
Bolero
8%
Boysenmarja
8%
Bravuuri
8%
Brie
8%
Bungalow
8%
Burgundi
8%
Burka
8%
Butaani
8%
Baklava
4%
Barokki
4%
Baseball
4%
Bastioni
4%
Beagle
4%
Bestman
4%
Biokaasu
4%
Bongorumpu
4%
Bordercollie
4%
Borrelioosi
4%
Bostonkakku
4%
Budo
4%
Byrokratia
4%
Bagel
0%
Balsamico
0%
Banaanikärpänen
0%
Baptismi
0%
Beetakaroteeni
0%
Beetasolu
0%
Behaviorismi
0%
Berliininmunkki
0%
Betoniporsas
0%
Biopsia
0%
Biotiini
0%
Bipolaarinen
0%
Birdie
0%
Bolognese
0%
Bourbon
0%
Braatvursti
0%
Breakdance
0%
Brittiläinen
0%
Bruttokansantuote
0%
Buddhalaisuus
0%
Ehtoja vastaavia visoja ei löytynyt
Tulosjakauma
Jokaisen tuloksen saaneiden osuus
Persentiili vastausten määrän mukaan
Tuloshistoriasi
Et ole pelannut tätä visaa